World plan of action for the application of science and technology to development
Researched on world plan of action for the application of science and technology to development
Na minha lista:
| Formato: | Livro |
|---|---|
| Idioma: | Undetermined |
| Publicado em: |
New York
United Nations
1971
|
| Assuntos: | |
| Tags: |
Adicionar Tag
Sem tags, seja o primeiro a adicionar uma tag!
|
| Thư viện lưu trữ: | Trung tâm Học liệu Trường Đại học Cần Thơ |
|---|
| LEADER | 00714nam a2200181Ia 4500 | ||
|---|---|---|---|
| 001 | CTU_219057 | ||
| 008 | 210402s9999 xx 000 0 und d | ||
| 082 | |a 658.4 | ||
| 082 | |b W927 | ||
| 245 | 0 | |a World plan of action for the application of science and technology to development | |
| 245 | 0 | |c United Nations | |
| 260 | |a New York | ||
| 260 | |b United Nations | ||
| 260 | |c 1971 | ||
| 520 | |a Researched on world plan of action for the application of science and technology to development | ||
| 650 | |a Industrial management,Technological innovations,Đổi mới công nghệ,Quản trị sản xuất công nghiệp | ||
| 904 | |i Nguyên | ||
| 980 | |a Trung tâm Học liệu Trường Đại học Cần Thơ | ||